000 00881nam a2200277 a 4500
001 000011906
005 20200929162619.0
008 091029s1975 sp 001 0 spa d
020 _a8402027377
040 _aDO-SdBNP
_bspa
_cBNPHU
041 1 7 _aspa
_heng
_2Código de idioma MARC
082 _a923.1
_bM296T, 1975
100 1 _aPayne, Robert
_928162
240 1 0 _aMao Tse Tung
_lespañol
245 1 0 _aMao Tse Tung /
_cRobert Payne ; traductor, M. Giménez Sales.
250 _a2a ed.
260 _aBarcelona :
_bBruguera,
_c1975.
300 _a334 p. ;
_c17 cm.
490 1 _aLibro Amigo
_v227
534 _pTítulo original en inglés:
_tMao Tse Tung
_c1950
610 1 0 _aMAO, TSE-TUNG,
_d1893-1976
_vBIOGRAFÍA
_928163
650 4 _aChina
_xHistoria
_ySIGLO XX
_928164
700 1 _aGiménez Sales, M.,
_etr.
_928165
830 0 _aLibro Amigo ;
_v227
_912825
049 _aBNGR
999 _c11576
_d11576